000 00683nam a2200241Ia 4500
003 OSt
005 20220928121618.0
006 a|||||r|||| 00| 0
007 ta
008 220927b |||||||| |||| 00| 0 eng d
024 _a42554
037 _cTextual
040 _aSDCL
_cSDCL
_beng
041 _2eng
_aeng
082 _aXM8:8, M4
100 _aUnterman Israel
_9453785
245 0 _aStrategic management of not-for profit organization
260 _aNew York
_b Praeger Publishers
_c1984
300 _axiii,320p
_ccm.
700 _a Davis Richard H
_9435425
942 _hXM8:8, M4
_cTEXL
_2CC
999 _c767640
_d767640